| 000 | 01269nam a22003857a 4500 | ||
|---|---|---|---|
| 001 | 0065468 | ||
| 003 | KOHA_MİRAKIL | ||
| 005 | 20260207004602.0 | ||
| 007 | ta | ||
| 008 | 200320b2005 tu |||gr||||#||||0|tur | | ||
| 020 | _a9789755918228 | ||
| 040 |
_aTR-BiSEU _btur _cTR-BiSEU _erda |
||
| 041 | 0 | _atur | |
| 044 | _ctu | ||
| 050 |
_aHG4026 _b.O35 2005 |
||
| 100 | 1 | _aOkka, Osman. | |
| 245 | 1 |
_aFinansal yönetim örnek olayları/ _cOsman Okka ; Osman Okka. |
|
| 264 | 1 |
_aAnkara : _bNobel _c2005 |
|
| 300 | _aXIII, 288 sayfa: resimli; 22 cm. | ||
| 336 |
_ametin _btxt _2rdacontent |
||
| 337 |
_aaracısız _bn _2rdamedia |
||
| 338 |
_acilt _bnc _2rdacarrier |
||
| 490 | 1 |
_aNobel yayın no ; _v837. |
|
| 490 | 1 |
_aİktisat yayınları dizisi no ; _v108. |
|
| 490 | 1 |
_aFinans serisi ; _vA3 |
|
| 500 | _aKaynakça var. | ||
| 650 | 0 |
_aBusiness enterprises--Finance--Case studies. _949602 |
|
| 650 | 0 |
_aCorporations--Finance--Case studies. _949603 |
|
| 650 | 0 |
_aTicari teşebbüsler--Finans--Alan çalışmaları. _949604 |
|
| 650 | 0 |
_aŞirketler--Finans--Alan çalışmaları. _949605 |
|
| 830 | 1 |
_aNobel yayın no ; _v837. _91940 |
|
| 830 | 1 |
_aİktisat yayınları dizisi no ; _v108. _9122792 |
|
| 830 | 1 |
_aFinans serisi ; _vA3 _995278 |
|
| 942 |
_2lcc _cBK |
||
| 999 |
_c65803 _d65803 |
||